[Event "Glasgow op"]
[Site "Glasgow"]
[Date "2023.11.05"]
[Round "5"]
[White "Kumar, Ishan"]
[Black "McCormack, Derek"]
[Result "0-1"]
[WhiteElo "1417"]
[BlackElo "1891"]
[PlyCount "108"]
[EventDate "2023.11.03"]
[EventType "swiss"]
[EventRounds "5"]
[EventCountry "SCO"]
[SourceTitle "Mega2024 Update 01"]
[Source "Chessbase"]
[SourceDate "2023.11.12"]
[SourceVersion "1"]
[SourceVersionDate "2023.11.12"]
[SourceQuality "1"]

1. e4 c5 2. c3 Nf6 3. e5 Nd5 4. d4 cxd4 5. Nf3 Nc6 6. cxd4 d6 7. exd6 Qxd6 8. Nc3 Bg4 9. Be2 e6 10. h3 Bh5 11. 0-0 Be7 12. Be3 0-0 13. Re1 a6 14. Nxd5 Qxd5 15. Ne5 Bxe2 16. Nxc6 Qxc6 17. Qxe2 Rac8 18. Rac1 Qd5 19. b3 Rfd8 20. Qd2 g6 21. Rxc8 Rxc8 22. Rc1 Rd8 23. Rd1 Bf6 24. f3 Rc8 25. Qb4 Rc2 26. Rd2 a5 27. Qa4 Rxd2 28. Bxd2 Qxd4+ 29. Qxd4 Bxd4+ 30. Kf1 b6 31. Ke2 Kf8 32. Kd3 Bg1 33. Bg5 Ke8 34. Kc4 Kd7 35. Kb5 Bd4 36. Kc4 f6 37. Kxd4 fxg5 38. Ke5 Ke7 39. a4 h6 40. g3 h5 41. h4 gxh4 42. gxh4 Kf7 43. Kd6 g5 44. hxg5 h4 45. f4 h3 46. g6+ Kxg6 47. Kxe6 h2 48. f5+ Kg7 49. Ke7 h1Q 50. f6+ Kg6 51. f7 Qe1+ 52. Kf8 Qe6 53. Kg8 Qxf7+ 54. Kh8 Qh7# 0-1

[Event "Glasgow op"]
[Site "Glasgow"]
[Date "2023.11.05"]
[Round "4"]
[White "Kumar, Ishan"]
[Black "Mccusker, Andrew"]
[Result "0-1"]
[WhiteElo "1417"]
[BlackElo "1809"]
[PlyCount "90"]
[EventDate "2023.11.03"]
[EventType "swiss"]
[EventRounds "5"]
[EventCountry "SCO"]
[SourceTitle "Mega2024 Update 01"]
[Source "Chessbase"]
[SourceDate "2023.11.12"]
[SourceVersion "1"]
[SourceVersionDate "2023.11.12"]
[SourceQuality "1"]

1. e4 c6 2. d4 d5 3. exd5 cxd5 4. Bd3 Nc6 5. c3 Nf6 6. Bf4 Bg4 7. Qb3 Qc8 8. Nd2 e6 9. Ngf3 Be7 10. h3 Bh5 11. Ne5 Nd7 12. Nxd7 Qxd7 13. 0-0 Bg6 14. Bxg6 hxg6 15. Nf3 Rc8 16. Rfe1 Bf6 17. Re2 a6 18. Rae1 0-0 19. Ne5 Nxe5 20. Bxe5 Bxe5 21. Rxe5 b5 22. g3 Rc4 23. Kg2 a5 24. R5e3 b4 25. Rc1 Rfc8 26. Qd1 R8c6 27. Qd2 Qc8 28. Kf1 a4 29. Ke2 a3 30. b3 Rxc3 31. Rexc3 bxc3 32. Qd3 Qc7 33. Rc2 e5 34. dxe5 Qxe5+ 35. Qe3 Qf6 36. Kd1 d4 37. Qe8+ Kh7 38. Qe4 d3 39. Qxd3 Rd6 40. Rxc3 Rxd3+ 41. Rxd3 Qa1+ 42. Ke2 Qxa2+ 43. Ke3 Qb2 44. Rd2 Qxd2+ 45. Kxd2 a2 0-1

[Event "SCO-ch op 128th"]
[Site "Dunfermline"]
[Date "2023.07.09"]
[Round "5"]
[White "Kumar, Ishan"]
[Black "Smith, Stephen H"]
[Result "1/2-1/2"]
[WhiteElo "1387"]
[BlackElo "1767"]
[PlyCount "147"]
[EventDate "2023.07.07"]
[EventType "swiss"]
[EventRounds "5"]
[EventCountry "SCO"]
[SourceTitle "CBM 215 Extra"]
[Source "ChessBase"]
[SourceDate "2023.09.30"]
[SourceVersion "1"]
[SourceVersionDate "2023.09.30"]
[SourceQuality "1"]

1. e4 e6 2. d4 d5 3. Nd2 Nf6 4. e5 Nfd7 5. Bd3 c5 6. c3 Nc6 7. Ne2 Qb6 8. Nf3 cxd4 9. cxd4 f6 10. exf6 Nxf6 11. 0-0 Bd6 12. Nc3 a6 13. h3 0-0 14. Re1 Bd7 15. b3 Rac8 16. Bb2 Qd8 17. Rc1 Bf4 18. Rb1 Nb4 19. a3 Nxd3 20. Qxd3 Bd6 21. Ne5 Nh5 22. Nxd7 Qxd7 23. Ne2 Nf6 24. Nc3 Qe7 25. b4 Nh5 26. Ne2 Qf6 27. Rf1 g6 28. Bc1 Rc4 29. Be3 Ng7 30. Rfc1 b5 31. Rc3 Nf5 32. Rbc1 Nxe3 33. Qxe3 Rfc8 34. Rxc4 bxc4 35. f4 Rf8 36. Rf1 g5 37. g3 gxf4 38. gxf4 Kh8 39. Rf2 Rg8+ 40. Kh2 Qg6 41. Qf3 c3 42. Qxc3 Bxf4+ 43. Kh1 Qb1+ 44. Nc1 Qxc1+ 45. Qxc1 Bxc1 46. Rf6 Re8 47. Rf3 Bb2 48. Rd3 e5 49. dxe5 Rxe5 50. Rb3 Bd4 51. a4 Re3 52. Rb1 Rxh3+ 53. Kg2 Ra3 54. b5 Rxa4 55. b6 Bxb6 56. Rxb6 d4 57. Rd6 a5 58. Kf3 Ra3+ 59. Kf4 Rd3 60. Kg5 a4 61. Ra6 a3 62. Kf6 Rf3+ 63. Ke5 d3 64. Rxa3 h5 65. Ke4 d2 66. Ra8+ Kg7 67. Rd8 Rf2 68. Ke3 Rg2 69. Rxd2 Rg4 70. Kf3 Rb4 71. Rd6 Rb3+ 72. Kf4 h4 73. Kg4 h3 74. Rd2 1/2-1/2

[Event "SCO-ch op 128th"]
[Site "Dunfermline"]
[Date "2023.07.07"]
[Round "1"]
[White "Deighan, Matthew J"]
[Black "Kumar, Ishan"]
[Result "1-0"]
[WhiteElo "1693"]
[BlackElo "1387"]
[PlyCount "77"]
[EventDate "2023.07.07"]
[EventType "swiss"]
[EventRounds "5"]
[EventCountry "SCO"]
[SourceTitle "CBM 215 Extra"]
[Source "ChessBase"]
[SourceDate "2023.09.30"]
[SourceVersion "1"]
[SourceVersionDate "2023.09.30"]
[SourceQuality "1"]

1. e4 e5 2. Nf3 Nc6 3. Bb5 a6 4. Ba4 Nf6 5. 0-0 Be7 6. Re1 b5 7. Bb3 0-0 8. a4 Bb7 9. d3 h6 10. Nbd2 d6 11. c3 Nd7 12. Nf1 Bf6 13. Ng3 Ne7 14. Nh5 Ng6 15. Nxf6+ Qxf6 16. g3 Rfe8 17. h4 Ngf8 18. Nh2 Ne6 19. Ng4 Qg6 20. h5 Qxh5 21. Nxh6+ Qxh6 22. Bxh6 gxh6 23. Qh5 Kg7 24. Qg4+ Kh7 25. Qf5+ Kg7 26. axb5 axb5 27. Rxa8 Bxa8 28. d4 Re7 29. Ra1 Bb7 30. Ra7 Bc8 31. Bxe6 fxe6 32. Qg4+ Kf7 33. Rxc7 Nf6 34. Rxe7+ Kxe7 35. Qg7+ Ke8 36. Qxf6 exd4 37. cxd4 Kd7 38. Qxh6 Bb7 39. Qg7+ 1-0

[Event "Dundee Allegro op"]
[Site "Dundee"]
[Date "2023.03.05"]
[Round "1"]
[White "Findlay, David John"]
[Black "Kumar, Ishan"]
[Result "1/2-1/2"]
[WhiteElo "2176"]
[BlackElo "1547"]
[PlyCount "113"]
[EventDate "2023.03.05"]
[EventType "swiss"]
[EventRounds "5"]
[EventCountry "SCO"]
[SourceTitle "CBM 213 Extra"]
[Source "ChessBase"]
[SourceDate "2023.05.31"]
[SourceVersion "1"]
[SourceVersionDate "2023.05.31"]
[SourceQuality "1"]

1. e4 e5 2. Nc3 Nf6 3. g3 Nc6 4. Bg2 Bc5 5. Nge2 d6 6. 0-0 0-0 7. Na4 Bb6 8. Nxb6 axb6 9. f4 Bg4 10. h3 Bxe2 11. Qxe2 Re8 12. d3 d5 13. fxe5 Nxe5 14. Bg5 Ned7 15. Qf2 dxe4 16. Bxe4 c6 17. a3 Qe7 18. Bg2 Qc5 19. Qxc5 bxc5 20. Rae1 Rxe1 21. Rxe1 Re8 22. Rxe8+ Nxe8 23. Kf2 f6 24. Bf4 Kf7 25. h4 Ke7 26. Ke3 Nd6 27. Bh3 Nb6 28. Ke2 Nd5 29. Bd2 b6 30. c3 Nc7 31. a4 g6 32. Be3 Nd5 33. Bf2 Nf7 34. a5 bxa5 35. Bxc5+ Nd6 36. d4 f5 37. Bg2 Kd7 38. Kd3 Nf6 39. Bxd6 Kxd6 40. Bf3 Nd7 41. Kc4 Nb6+ 42. Kb3 c5 43. dxc5+ Kxc5 44. Kc2 Nc4 45. Be2 Ne5 46. Kb3 h6 47. Ka4 Kb6 48. b4 axb4 49. cxb4 g5 50. hxg5 hxg5 51. Kb3 f4 52. gxf4 gxf4 53. Kc3 Nc6 54. b5 Na7 55. Kd4 Nxb5+ 56. Bxb5 Kxb5 57. Ke4 1/2-1/2

[Event "Robinson Cup"]
[Site "Cardiff"]
[Date "2022.07.21"]
[Round "6.5"]
[White "Kumar, Ishan"]
[Black "Kulkarni, Arnav"]
[Result "1-0"]
[WhiteElo "1309"]
[BlackElo "1027"]
[PlyCount "105"]
[EventDate "2022.07.19"]
[EventType "team-tourn"]
[EventRounds "6"]
[EventCountry "WLS"]
[SourceTitle "CBM 210 Extra"]
[Source "ChessBase"]
[SourceDate "2022.11.30"]
[SourceVersion "1"]
[SourceVersionDate "2022.11.30"]
[SourceQuality "1"]
[WhiteTeam "Scotland"]
[BlackTeam "Wales"]
[WhiteTeamCountry "SCO"]
[BlackTeamCountry "WLS"]

1. e4 e5 2. Nf3 Nc6 3. Nc3 Nf6 4. d4 exd4 5. Nxd4 Bb4 6. Nxc6 bxc6 7. Bd3 0-0 8. 0-0 Bxc3 9. bxc3 d5 10. exd5 cxd5 11. Bg5 Be6 12. Re1 h6 13. Bh4 Re8 14. Qf3 d4 15. Bxf6 Qxf6 16. Qxf6 gxf6 17. cxd4 Rab8 18. c4 Rb4 19. d5 Bd7 20. Rxe8+ Bxe8 21. Rb1 Rxb1+ 22. Bxb1 Kf8 23. Kf1 Ke7 24. Ke2 Kd6 25. Kd3 Bd7 26. Kd4 c5+ 27. dxc6 Bxc6 28. Be4 Bxe4 29. Kxe4 Kc5 30. Kf5 Kxc4 31. Kxf6 Kc3 32. Kxf7 a5 33. Kg6 a4 34. f4 a3 35. f5 Kb2 36. f6 Kxa2 37. f7 Kb2 38. f8Q a2 39. Qxh6 a1Q 40. Qh8+ Kb1 41. Qxa1+ Kxa1 42. h4 Kb2 43. h5 Kc2 44. h6 Kd2 45. h7 Ke2 46. h8Q Kf2 47. Qc3 Kxg2 48. Kf5 Kf2 49. Kf4 Ke2 50. Qe3+ Kd1 51. Qf2 Kc1 52. Ke3 Kd1 53. Qd2# 1-0

[Event "Wch FIDE Online U12 Europe qual"]
[Site "Tornelo INT"]
[Date "2020.12.09"]
[Round "6"]
[White "Sizov, Lev1111"]
[Black "Kumar, Ishan"]
[Result "0-1"]
[WhiteElo "1358"]
[BlackElo "1140"]
[PlyCount "84"]
[EventDate "2020.12.07"]
[EventType "swiss (rapid)"]
[EventRounds "7"]
[EventCountry "ISS"]
[SourceTitle "EXT 2022"]
[Source "ChessBase"]
[SourceDate "2021.10.06"]
[SourceVersion "1"]
[SourceVersionDate "2021.10.06"]
[SourceQuality "1"]

1. c4 Nf6 2. Nc3 g6 3. d4 Bg7 4. e3 0-0 5. Be2 d6 6. Nf3 Nbd7 7. 0-0 e5 8. b3 exd4 9. exd4 Re8 10. Be3 Ne4 11. Nxe4 Rxe4 12. Rc1 Re8 13. Qd2 b6 14. Rfd1 Bb7 15. c5 dxc5 16. dxc5 Nxc5 17. Qxd8 Raxd8 18. Rxd8 Rxd8 19. Bxc5 bxc5 20. Rxc5 c6 21. a4 Rd5 22. Rc4 Ba6 23. Re4 Bxe2 24. Rxe2 Rd3 25. h3 Rxb3 26. Rc2 Rb6 27. Nd2 Ra6 28. Nb3 Rxa4 29. Rxc6 Bd4 30. Rc8+ Kg7 31. Ra8 Bb6 32. Rb8 Rb4 33. Nd2 Bxf2+ 34. Kxf2 Rxb8 35. Ke3 a5 36. Kd3 a4 37. Nc4 f5 38. Kc2 Kf6 39. g3 Rc8 40. Kd3 Rb8 41. Kc2 g5 42. Na5 a3 0-1

[Event "EU-ch Online U12"]
[Site "Tornelo INT"]
[Date "2020.09.19"]
[Round "5"]
[White "Hakkinen, Aleksandr"]
[Black "Kumar, Ishan"]
[Result "0-1"]
[WhiteElo "1567"]
[BlackElo "1140"]
[PlyCount "104"]
[EventDate "2020.09.18"]
[EventType "swiss (rapid)"]
[EventRounds "9"]
[EventCountry "NET"]
[SourceTitle "EXT 2023"]
[Source "ChessBase"]
[SourceDate "2022.10.05"]
[SourceVersion "1"]
[SourceVersionDate "2022.10.05"]
[SourceQuality "1"]
[WhiteTeam "Finland"]
[BlackTeam "Schottland"]
[WhiteTeamCountry "FIN"]
[BlackTeamCountry "SCO"]

1. d4 Nf6 2. Bf4 g6 3. Nc3 Bg7 4. e4 d6 5. Qd2 0-0 6. 0-0-0 Nc6 7. f3 Bd7 8. Bh6 e5 9. d5 Ne7 10. g4 Re8 11. Bxg7 Kxg7 12. h4 h5 13. gxh5 Nxh5 14. Nge2 Rh8 15. f4 exf4 16. Nxf4 Bg4 17. Be2 Bxe2 18. Ncxe2 Ng8 19. Rdg1 Nxf4 20. Qxf4 Qf6 21. Qg4 Nh6 22. Qg2 Rag8 23. Rf1 Qe7 24. h5 g5 25. Rf2 Rf8 26. Rhf1 f6 27. Nd4 a6 28. Ne6+ Kh7 29. Nxf8+ Rxf8 30. Qf3 Kg7 31. Re2 Qf7 32. Rh2 Re8 33. Rhf2 Ng8 34. Qf5 Qxh5 35. Rf3 Qh7 36. Qxh7+ Kxh7 37. Re3 Kg6 38. Kd2 Nh6 39. Kd3 Ng4 40. Rh3 Ne5+ 41. Kd4 g4 42. Rh4 Kg5 43. Rh7 Nf3+ 44. Ke3 f5 45. Rxc7 Rxe4+ 46. Kf2 f4 47. Rg7+ Kf5 48. b3 Ng5 49. c4 g3+ 50. Kg2 Re2+ 51. Kg1 Nh3+ 52. Kh1 Rh2# 0-1

[Event "EU-ch Online U12"]
[Site "Tornelo INT"]
[Date "2020.09.19"]
[Round "6"]
[White "Kumar, Ishan"]
[Black "Milosavljevic, Teodor"]
[Result "0-1"]
[WhiteElo "1140"]
[BlackElo "1691"]
[PlyCount "144"]
[EventDate "2020.09.18"]
[EventType "swiss (rapid)"]
[EventRounds "9"]
[EventCountry "NET"]
[SourceTitle "EXT 2023"]
[Source "ChessBase"]
[SourceDate "2022.10.05"]
[SourceVersion "1"]
[SourceVersionDate "2022.10.05"]
[SourceQuality "1"]
[WhiteTeam "Schottland"]
[BlackTeam "Serbia"]
[WhiteTeamCountry "SCO"]
[BlackTeamCountry "SRB"]

1. e4 c5 2. Nf3 d6 3. d4 cxd4 4. Nxd4 Nf6 5. Nc3 g6 6. Be3 Bg7 7. Bb5+ Bd7 8. Bxd7+ Qxd7 9. 0-0 0-0 10. h3 Nc6 11. f3 Rac8 12. Nde2 Ne5 13. Bf2 b5 14. a3 a5 15. Rb1 Nc4 16. Bd4 b4 17. axb4 axb4 18. Na2 Qb5 19. c3 b3 20. Nb4 d5 21. exd5 Nxd5 22. Nxd5 Qxd5 23. Qd3 e5 24. Rfd1 exd4 25. Nxd4 Qg5 26. Nxb3 Ne5 27. Qe2 Rfe8 28. Qf2 Bh6 29. Nd4 Nc4 30. Re1 Qd2 31. Rxe8+ Rxe8 32. Qxd2 Nxd2 33. Rd1 Be3+ 34. Kh1 Nc4 35. b3 Nd2 36. Re1 Kf8 37. Nc2 Bf2 38. Rxe8+ Kxe8 39. b4 Nc4 40. g4 Kd7 41. Kg2 Bh4 42. Kf1 Bf6 43. Nd4 Kd6 44. Ke2 Kd5 45. Kd3 Nb2+ 46. Kc2 Na4 47. Ne2 Kc4 48. f4 Nxc3 49. Nxc3 Bxc3 50. b5 Ba5 51. h4 Kxb5 52. Kd3 Kc5 53. Ke4 Kd6 54. f5 Be1 55. fxg6 fxg6 56. h5 g5 57. Kf5 Bd2 58. Kf6 Kd5 59. Kg7 Ke5 60. Kxh7 Kf4 61. Kg6 Kxg4 62. h6 Bc3 63. h7 Kh4 64. Kf5 g4 65. Kf4 g3 66. Kf3 Kh3 67. Ke2 g2 68. Kf2 Kh2 69. Ke3 g1Q+ 70. Kd3 Qd4+ 71. Kc2 Qd2+ 72. Kb1 Qb2# 0-1

[Event "EU-ch Online U12"]
[Site "Tornelo INT"]
[Date "2020.09.18"]
[Round "2"]
[White "Kumar, Ishan"]
[Black "Gerdes, Sebastian"]
[Result "0-1"]
[WhiteElo "1140"]
[BlackElo "1507"]
[PlyCount "142"]
[EventDate "2020.09.18"]
[EventType "swiss (rapid)"]
[EventRounds "9"]
[EventCountry "NET"]
[SourceTitle "EXT 2023"]
[Source "ChessBase"]
[SourceDate "2022.10.05"]
[SourceVersion "1"]
[SourceVersionDate "2022.10.05"]
[SourceQuality "1"]
[WhiteTeam "Schottland"]
[BlackTeam "Sweden"]
[WhiteTeamCountry "SCO"]
[BlackTeamCountry "SWE"]

1. e4 c5 2. Nf3 g6 3. d4 cxd4 4. Nxd4 Nc6 5. Be3 Bg7 6. Be2 Nf6 7. Nc3 0-0 8. 0-0 d5 9. exd5 Nxd5 10. Nxd5 Qxd5 11. Nxc6 Qxc6 12. c3 Bf5 13. Qc1 Rfd8 14. Rd1 Rd7 15. Bf3 Rxd1+ 16. Qxd1 Qc7 17. Qe2 e5 18. Bd5 Rd8 19. Bb3 a6 20. Rd1 e4 21. Rxd8+ Qxd8 22. Qd2 Qd3 23. Qxd3 exd3 24. Kf1 Kf8 25. Ke1 Be6 26. Bxe6 fxe6 27. Kd2 Ke7 28. Kxd3 Kd6 29. b3 Bf6 30. c4 Be7 31. Kc3 Kc6 32. b4 b5 33. Kb3 Bf6 34. a4 Be5 35. h3 Bf6 36. Bc5 Be5 37. cxb5+ axb5 38. a5 Kb7 39. Kc2 Bf6 40. Kd3 h5 41. Ke4 Bg7 42. Bd4 Bf8 43. Bc3 Bd6 44. g3 Bc7 45. Bd4 Bd6 46. Bc5 Bc7 47. f4 Bb8 48. h4 Bc7 49. Bb6 Bb8 50. Bc5 Bc7 51. Kd4 Bb8 52. Bf8 Kc6 53. a6 Bc7 54. a7 Bb6+ 55. Bc5 Bxc5+ 56. bxc5 Kb7 57. c6+ Kxa7 58. Kc5 b4 59. c7 Kb7 60. Kd6 Kc8 61. Kxe6 b3 62. Kf6 b2 63. Kxg6 b1Q+ 64. f5 Qg1 65. f6 Qxg3+ 66. Kxh5 Qg8 67. Kh6 Kxc7 68. h5 Kd6 69. f7 Qxf7 70. Kg5 Qh7 71. h6 Ke6 0-1

[Event "EU-ch Online U12"]
[Site "Tornelo INT"]
[Date "2020.09.18"]
[Round "1"]
[White "Shamatava, Nikolozi"]
[Black "Kumar, Ishan"]
[Result "1-0"]
[WhiteElo "1640"]
[BlackElo "1140"]
[PlyCount "85"]
[EventDate "2020.09.18"]
[EventType "swiss (rapid)"]
[EventRounds "9"]
[EventCountry "NET"]
[SourceTitle "EXT 2023"]
[Source "ChessBase"]
[SourceDate "2022.10.05"]
[SourceVersion "1"]
[SourceVersionDate "2022.10.05"]
[SourceQuality "1"]
[WhiteTeam "Georgia"]
[BlackTeam "Schottland"]
[WhiteTeamCountry "GEO"]
[BlackTeamCountry "SCO"]

1. d4 Nf6 2. Nf3 g6 3. g3 Bg7 4. Bg2 0-0 5. 0-0 d6 6. b3 Nbd7 7. Bb2 Rb8 8. Nbd2 b6 9. e4 Bb7 10. Qe2 c5 11. c3 Ne8 12. Rac1 Nc7 13. Rfe1 Rc8 14. e5 d5 15. Ng5 e6 16. f4 h6 17. Ngf3 Re8 18. g4 Nf8 19. Qd3 Nh7 20. f5 gxf5 21. gxf5 cxd4 22. cxd4 exf5 23. Qxf5 Ng5 24. Nxg5 Qxg5 25. Qf2 Ne6 26. Rf1 Qe7 27. Nf3 Rc7 28. Nh4 Rec8 29. Nf5 Qf8 30. Nd6 Rxc1 31. Bxc1 Rc7 32. Be3 Ba8 33. Bh3 Qe7 34. Nxf7 Ng5 35. Nxg5 hxg5 36. Qf3 Bb7 37. Bf5 Bh6 38. Qh5 Qg7 39. Qe8+ Qf8 40. Be6+ Kh8 41. Rxf8+ Bxf8 42. Qxf8+ Kh7 43. Bf5# 1-0